| 000 | 00528nam a2200157 i 4500 | ||
|---|---|---|---|
| 001 | 32132 | ||
| 003 | ES-MaACL | ||
| 005 | 20230906154522.0 | ||
| 007 | t| | ||
| 008 | 030225s1907 sp ||||1| spa d | ||
| 100 | 1 |
_aCasares Bescana, Jesús. _936163 |
|
| 245 | 1 | 0 |
_aMemoria sobre la sacarina y alguna de sus sales _b: para aspirar al título de doctor en farmacia / _cpor Jesús Casares Bescana. |
| 260 |
_aLa Coruña : _b[s.n.], _c1907 ( _fTip. El Eco de Galicia) |
||
| 300 |
_a22 p. ; _c22 cm. |
||
| 852 |
_aES-MaACL _jT-1137-F-2 |
||
| 999 |
_c32132 _d32132 |
||